01072nam a2200289 a 450000100100000000500170001000800410002702000150006804000250008308200160010810000290012424501320015326000690028530000280035449000530038249000340043550000430046965000210051265000280053365000130056165000280057465000270060270000300062970000370065983000520069683000340074800000624320260211085656.0090827s2003 dr a 001 0 spa d a9993477338 aDO-SdBNPbspacbnphu a371.1bP6811 aPita Céspedes, Balbina10a¡Maestros! :bsecretos pedagógicos. /cBalbina Pita Céspedes, Zoila Benitez de Mendoza ; prólogo Lizardo García Ramis. aSanto Domingo :bUniversidad Autónoma de Santo Domingo,c2003. a160 p. :bil. ;c21 cm.1 aUniversidad Autónoma de Santo Domingovv. 11021 aEducación y sociedadvv. 53 aIncluye una nota al pie de la página 0aPersonal docente 4aTecnicas de enseñanza 0aMaestros 4aEducación fundamental 4aMetodos de enseñanza1 aBenitez de Mendoza, Zoila1 aGarcía Ramis, Lizardoepról. 0aUniversidad Autónoma de Santo Domingovv.1102 0aEducación y sociedadvv. 53